Loading...
| Fine Arts - Classical Music | 0 | 10 | 1 | 0 | 95 | 18 | 41.90 | 5 | 10 | 0.00 | 0.00 |
| Literature - European | 0 | 5 | 1 | 0 | 45 | 54 | 67.20 | 0 | 2 | 0.00 | 0.00 |
| Literature - British | 0 | 5 | 2 | 1 | 40 | 74 | 83.80 | 0 | 2 | 0.00 | 0.00 |
| Pop Culture | 0 | 4 | 0 | 1 | 40 | 36 | 69.50 | 2 | 4 | 0.00 | 0.00 |
| Literature - World | 0 | 4 | 1 | 0 | 35 | 23 | 57.75 | 2 | 4 | 0.00 | 0.00 |
| Philosophy | 0 | 3 | 0 | 1 | 30 | 27 | 53.67 | 0 | 2 | 0.00 | 0.00 |
| Literature - American | 0 | 3 | 0 | 0 | 30 | 62 | 67.67 | 1 | 3 | 0.00 | 0.00 |
| Science - Biology | 0 | 3 | 0 | 3 | 30 | 80 | 91.67 | 0 | 0 | 0.00 | 0.00 |
| Science - Physics | 0 | 3 | 1 | 0 | 25 | 18 | 43.67 | 1 | 2 | 0.00 | 0.00 |
| History - American | 0 | 2 | 0 | 1 | 20 | 53 | 68.00 | 0 | 0 | 0.00 | 0.00 |
| Science - Other | 0 | 2 | 1 | 0 | 15 | 41 | 46.50 | 0 | 2 | 0.00 | 0.00 |
| Social Science | 0 | 1 | 0 | 0 | 10 | 53 | 53.00 | 0 | 1 | 0.00 | 0.00 |
| History - European | 0 | 1 | 0 | 0 | 10 | 30 | 30.00 | 1 | 1 | 0.00 | 0.00 |
| History - World | 0 | 1 | 0 | 1 | 10 | 103 | 103.00 | 0 | 0 | 0.00 | 0.00 |
| Painting/Sculpture | 0 | 1 | 0 | 0 | 10 | 61 | 61.00 | 0 | 1 | 0.00 | 0.00 |
| Religion | 0 | 1 | 0 | 1 | 10 | 82 | 82.00 | 0 | 0 | 0.00 | 0.00 |
| Current Events | 0 | 1 | 0 | 0 | 10 | 82 | 82.00 | 0 | 0 | 0.00 | 0.00 |
| Fine Arts - Other | 0 | 1 | 3 | 0 | -5 | 50 | 50.00 | 1 | 1 | 0.00 | 0.00 |